UK secures agreement for International Space Agencies to support disaster efforts worldwide (Record no. 83143)
[ view plain ]
| 000 -LEADER | |
|---|---|
| fixed length control field | 01199cad a22002055a 4500 |
| 001 - CONTROL NUMBER | |
| control field | L152903 |
| 008 - FIXED-LENGTH DATA ELEMENTS--GENERAL INFORMATION | |
| fixed length control field | 110512e20110511xxk 000 0 eng d |
| 035 ## - SYSTEM CONTROL NUMBER | |
| System control number | (Sirsi) u152903 |
| 041 0# - LANGUAGE CODE | |
| Language code of text/sound track or separate title | eng |
| 110 2# - MAIN ENTRY--CORPORATE NAME | |
| Corporate name or jurisdiction name as entry element | United Kingdom |
| Subordinate unit | Department for Business, Innovation and Skills |
| 9 (RLIN) | 5760 |
| 245 00 - TITLE STATEMENT | |
| Title | UK secures agreement for International Space Agencies to support disaster efforts worldwide |
| 260 ## - PUBLICATION, DISTRIBUTION, ETC. | |
| Date of publication, distribution, etc. | 2011 |
| 490 ## - SERIES STATEMENT | |
| Series statement | BIS Press Release |
| Volume/sequential designation | 11 May 2011 |
| 520 ## - SUMMARY, ETC. | |
| Summary, etc. | Agreement gained by the UK on providing universal access to satellite images during natural emergencies during the first meeting as Chair of the International Charter on Space and Major Disasters. Any country will now be able to draw upon the data provided by the charter to inform authorities and save lives. The Charter was set up in 1999 and is an agreement that coordinates space agencies worldwide in gathering vital satellite images of disaster sticken regions. |
| 590 ## - LOCAL NOTE (RLIN) | |
| Local note | KA NTK |
| 651 #4 - SUBJECT ADDED ENTRY--GEOGRAPHIC NAME | |
| Geographic name | International |
| 690 ## - LOCAL SUBJECT ADDED ENTRY--TOPICAL TERM (OCLC, RLIN) | |
| Topical term or geographic name as entry element | BUILT ENVIRONMENT-CONSTRUCTION MANAGEMENT |
| 856 40 - ELECTRONIC LOCATION AND ACCESS | |
| Uniform Resource Identifier | <a href="https://nds.coi.gov.uk/content/Detail.aspx?ReleaseID=419447&NewsAreaID=2">https://nds.coi.gov.uk/content/Detail.aspx?ReleaseID=419447&NewsAreaID=2</a> |
| Public note | View this item free of charge at http://nds.coi.gov.uk |
| 942 ## - ADDED ENTRY ELEMENTS (KOHA) | |
| Suppress in OPAC | 0 |
| Withdrawn status | Lost status | Source of classification or shelving scheme | Damaged status | Not for loan | Home library | Current library | Shelving location | Date acquired | Total Checkouts | Full call number | Barcode | Date last seen | Copy number | Price effective from | Koha item type |
|---|---|---|---|---|---|---|---|---|---|---|---|---|---|---|---|
| Dewey Decimal Classification | Virtual | Virtual | Online | 12/05/2011 | ONLINE PUBLICATION | 152903-2001 | 06/08/2019 | 1 | 06/08/2019 | Journal article |